Normal view
MARC view
Entry Personal Name
001 - CONTROL NUMBER
- control field: 5256
003 - CONTROL NUMBER IDENTIFIER
- control field: AM-YEHGA
005 - DATE AND TIME OF LATEST TRANSACTION
- control field: 20250617070458.0
008 - FIXED-LENGTH DATA ELEMENTS
- fixed length control field: 140519|| aca||aabn | a|a d
040 ## - CATALOGING SOURCE
- Original cataloging agency: AM-YEHGA
100 ## - HEADING--PERSONAL NAME
- Personal name: Մելիքյան, Ա.
400 1# - SEE FROM TRACING--PERSONAL NAME
- Personal name: Մելիքյան, Ա.
400 1# - SEE FROM TRACING--PERSONAL NAME
- Personal name: Մելիքյան, Ա.
670 ## - SOURCE DATA FOUND
- Source citation: Հայ գիրք, 2012
- Information found: 1921-1930թթ., էջ 118,164,257,596, 621
670 ## - SOURCE DATA FOUND
- Source citation: Պոռնիկ Դարոյի դատը, 1924:
- Information found: տիտղթ.`(Ռուս. փոխադր. բժ. Ա. Մելիքյան)
670 ## - SOURCE DATA FOUND
- Source citation: Յերեվանի հասարակության սեռական կյանքը, 1925:
- Information found: հեղինակ` (Մելիքյան, Ա)
670 ## - SOURCE DATA FOUND
- Source citation: Սիֆիլիս, 1925:
- Information found: հեղինակ` (Մելիքյան, Ա)
670 ## - SOURCE DATA FOUND
- Source citation: Մոր և մանկան պաշտպանությունը, 1925:
- Information found: հեղինակ` (Մելիքյան, Ա)
670 ## - SOURCE DATA FOUND
- Source citation: Առաջին ոգնություն, 1927:
- Information found: տիտղթ.` (Ռուս փոխադր. բժ. Ա. Մ.)
ՀՀ Գիտությունների ազգային ակադեմիայի հիմնարար գիտական գրադարան = Fundamental Scientific Library of NAS RA
All site content, except where otherwise noted, is licensed under a